[Event "TCh-RUS Premier 2022"]
[Site "Sochi RUS"]
[Date "2022.05.01"]
[Round "1.4"]
[Board "3"]
[White "Sakaev, Konstantin"]
[Black "Kokarev, Dmitry"]
[Result "1-0"]
[WhiteTitle "GM"]
[BlackTitle "GM"]
[WhiteElo "2603"]
[BlackElo "2576"]
[WhiteTeam "Mednyy vsadnik (g. Sankt-Peterburg)"]
[BlackTeam "Yuzhnyy Ural - 1 (Chelyabinskaya oblast)"]
[WhiteFideId "4104226"]
[BlackFideId "4132181"]
[EventDate "2022.05.01"]

1. d4 Nf6 2. c4 g6 3. Nc3 Bg7 4. e4 d6 5. Nf3 O-O 6. Be2 e5 7. O-O Na6 8. Be3 c6
9. Re1 Re8 10. d5 Ng4 11. Bc1 f5 12. h3 Nf6 13. exf5 gxf5 14. Bg5 Nc7 15. Qd2
cxd5 16. cxd5 Qd7 17. Nh4 Qf7 18. Bd3 e4 19. Bc4 Nd7 20. Rac1 a6 21. Re3 h6 22.
Bf4 Qf6 23. g3 Re7 24. Bxd6 1-0

[Event "TCh-RUS Premier 2022"]
[Site "Sochi RUS"]
[Date "2022.05.01"]
[Round "1.4"]
[Board "4"]
[White "Lysyj, Igor"]
[Black "Ponkratov, Pavel"]
[Result "1/2-1/2"]
[WhiteTitle "GM"]
[BlackTitle "GM"]
[WhiteElo "2603"]
[BlackElo "2624"]
[WhiteTeam "Yuzhnyy Ural - 1 (Chelyabinskaya oblast)"]
[BlackTeam "Mednyy vsadnik (g. Sankt-Peterburg)"]
[WhiteFideId "4150120"]
[BlackFideId "4157800"]
[EventDate "2022.05.01"]

1. d4 Nf6 2. c4 e6 3. g3 d5 4. Nf3 Bb4+ 5. Bd2 Be7 6. Bg2 O-O 7. O-O c6 8. Qc2
Nbd7 9. Rd1 b6 10. Bf4 Nh5 11. Bc1 Nhf6 12. Bf4 Nh5 13. Bc1 Nhf6 14. Bf4 1/2-1/2

[Event "TCh-RUS Premier 2022"]
[Site "Sochi RUS"]
[Date "2022.05.01"]
[Round "1.4"]
[Board "5"]
[White "Goganov, Aleksey"]
[Black "Drygalov, Sergey"]
[Result "0-1"]
[WhiteTitle "GM"]
[BlackTitle "IM"]
[WhiteElo "2561"]
[BlackElo "2546"]
[WhiteTeam "Mednyy vsadnik (g. Sankt-Peterburg)"]
[BlackTeam "Yuzhnyy Ural - 1 (Chelyabinskaya oblast)"]
[WhiteFideId "24109959"]
[BlackFideId "24171743"]
[EventDate "2022.05.01"]

1. e4 c5 2. Nf3 d6 3. d4 cxd4 4. Nxd4 Nf6 5. Nc3 a6 6. Be3 e5 7. Nb3 Be7 8. f3
Be6 9. Qd2 Nbd7 10. g4 Nb6 11. g5 Nh5 12. O-O-O O-O 13. Kb1 Qc7 14. Rg1 d5 15.
exd5 Nxd5 16. Nxd5 Bxd5 17. Qf2 Nf4 18. Bxf4 Bxb3 19. Be3 Be6 20. Bd3 Rac8 21.
h4 Qa5 22. b3 Ba3 23. Qe1 Qc7 24. h5 Rfd8 25. Qe2 a5 26. Bc1 Bxc1 27. Rxc1 a4
28. Rge1 Rd5 29. Bc4 axb3 30. Bxb3 Rc5 31. Qd2 Qb6 32. Red1 Rd5 33. Qxd5 Bxd5
34. Rxd5 g6 35. hxg6 hxg6 36. Rxe5 Rc7 37. Rd1 Kg7 38. Rd3 Qg1+ 39. Kb2 Qg3 40.
Red5 Re7 41. a4 b6 42. Ka2 Qf4 43. Rb5 Qc1 0-1

[Event "TCh-RUS Premier 2022"]
[Site "Sochi RUS"]
[Date "2022.05.01"]
[Round "1.4"]
[Board "6"]
[White "Drygalov, Andrey"]
[Black "Lobanov, Sergei"]
[Result "1/2-1/2"]
[WhiteTitle "GM"]
[BlackTitle "IM"]
[WhiteElo "2510"]
[BlackElo "2524"]
[WhiteTeam "Yuzhnyy Ural - 1 (Chelyabinskaya oblast)"]
[BlackTeam "Mednyy vsadnik (g. Sankt-Peterburg)"]
[WhiteFideId "24171735"]
[BlackFideId "24183750"]
[EventDate "2022.05.01"]

1. e4 e5 2. Nf3 Nc6 3. Bb5 a6 4. Ba4 Nf6 5. O-O Be7 6. Re1 b5 7. Bb3 O-O 8. c3
d5 9. exd5 Nxd5 10. Nxe5 Nxe5 11. Rxe5 c6 12. d3 Bd6 13. Re1 Bf5 14. Qf3 Qh4 15.
g3 Qh3 16. Be3 Bxd3 17. Nd2 Qf5 18. Bd4 Rfe8 19. a4 h6 20. h4 Rxe1+ 21. Rxe1 Rb8
22. axb5 axb5 23. Bxd5 cxd5 24. Re3 Qxf3 25. Nxf3 Be4 26. Be5 Bxe5 27. Nxe5 b4
28. f3 bxc3 29. bxc3 Bf5 30. Nc6 Rb1+ 31. Kf2 Kf8 32. g4 Bd7 33. Nd4 Rc1 34. Kg3
g6 35. Kg2 f6 36. Ne2 Rd1 37. Nf4 Kf7 38. Kf2 d4 39. cxd4 Rxd4 40. Kg3 1/2-1/2

[Event "TCh-RUS Premier 2022"]
[Site "Sochi RUS"]
[Date "2022.05.02"]
[Round "2.1"]
[Board "1"]
[White "Sargissian, Gabriel"]
[Black "Sjugirov, Sanan"]
[Result "1/2-1/2"]
[WhiteTitle "GM"]
[BlackTitle "GM"]
[WhiteElo "2694"]
[BlackElo "2696"]
[WhiteTeam "Shkola im. M.M.Botvinnika (g. Moskva)"]
[BlackTeam "Yuzhnyy Ural - 1 (Chelyabinskaya oblast)"]
[WhiteFideId "13300881"]
[BlackFideId "4189302"]
[EventDate "2022.05.01"]

1. d4 Nf6 2. c4 e6 3. Nc3 Bb4 4. e3 O-O 5. Bd2 d5 6. Nf3 c5 7. a3 Bxc3 8. Bxc3
cxd4 9. Nxd4 Re8 10. Qc2 e5 11. Nf3 e4 12. Nd4 Nbd7 13. O-O-O Ne5 14. f4 Nd3+
15. Bxd3 exd3 16. Qxd3 Ne4 17. Nf3 Nf2 18. Qd4 f6 19. e4 Nxh1 20. e5 Be6 21.
cxd5 Qxd5 22. Qxd5 Bxd5 23. Rxd5 Nf2 24. exf6 1/2-1/2

[Event "TCh-RUS Premier 2022"]
[Site "Sochi RUS"]
[Date "2022.05.02"]
[Round "2.1"]
[Board "2"]
[White "Paravyan, David"]
[Black "Rakhmanov, Aleksandr"]
[Result "1-0"]
[WhiteTitle "GM"]
[BlackTitle "GM"]
[WhiteElo "2617"]
[BlackElo "2640"]
[WhiteTeam "Yuzhnyy Ural - 1 (Chelyabinskaya oblast)"]
[BlackTeam "Shkola im. M.M.Botvinnika (g. Moskva)"]
[WhiteFideId "4194985"]
[BlackFideId "4173708"]
[EventDate "2022.05.01"]

1. e4 e5 2. Nf3 Nf6 3. d4 Nxe4 4. Bd3 d5 5. Nxe5 Nd7 6. Nxd7 Bxd7 7. O-O Be7 8.
Nc3 Nf6 9. Bg5 c6 10. Qf3 h6 11. Bf4 O-O 12. Rae1 Re8 13. h3 Bb4 14. Rxe8+ Nxe8
15. a3 Bd6 16. Bxd6 Nxd6 17. Re1 Qh4 18. Qe3 Re8 19. Qd2 Rxe1+ 20. Qxe1 Kf8 21.
Qe5 Qe7 22. g4 f5 23. Qg3 g5 24. f4 fxg4 25. hxg4 Qf6 26. fxg5 hxg5 27. Kg2 Ke7
28. Qe3+ Kd8 29. Be2 Be8 30. Bd3 Bd7 31. Be2 Nc8 32. Nd1 Ne7 33. Nf2 Ng8 34. Nd3
Ne7 35. Qe5 Qe6 36. Qb8+ Bc8 37. Kf2 Qf6+ 38. Ke3 Ng6 39. Qxa7 Kc7 40. Qa5+ Kb8
41. Qb6 Qd6 42. Kd2 Ka8 43. Kd1 Qe7 44. Qa5+ Kb8 45. Qd2 Kc7 46. a4 Kd8 47. a5
Ke8 48. Qe1 Qf6 49. Bf3+ Kf7 50. Qe3 Kg7 51. Kd2 Kf8 52. Kc3 Qd8 53. b4 Qf6 54.
Be2 Kf7 55. Ne5+ Nxe5 56. dxe5 Qe7 57. Qf2+ Ke8 58. Qd4 Kf7 59. Bd3 Be6 60. Bf5
Qd7 61. Qf2 Ke7 62. Bxe6 Qxe6 63. Qf6+ Qxf6 64. exf6+ Kxf6 65. Kd4 Ke6 66. Kc5
Kd7 67. Kb6 Kc8 68. a6 1-0

[Event "TCh-RUS Premier 2022"]
[Site "Sochi RUS"]
[Date "2022.05.02"]
[Round "2.1"]
[Board "3"]
[White "Petrov, Nikita"]
[Black "Lysyj, Igor"]
[Result "1/2-1/2"]
[WhiteTitle "GM"]
[BlackTitle "GM"]
[WhiteElo "2560"]
[BlackElo "2603"]
[WhiteTeam "Shkola im. M.M.Botvinnika (g. Moskva)"]
[BlackTeam "Yuzhnyy Ural - 1 (Chelyabinskaya oblast)"]
[WhiteFideId "4101286"]
[BlackFideId "4150120"]
[EventDate "2022.05.01"]

1. d4 Nf6 2. c4 e6 3. Nc3 Bb4 4. Qc2 c5 5. dxc5 O-O 6. a3 Bxc5 7. Nf3 d5 8. e3
dxc4 9. Bxc4 b6 10. O-O Bb7 11. Qe2 Nbd7 12. b4 Bd6 13. Nb5 Bb8 14. Rd1 1/2-1/2

[Event "TCh-RUS Premier 2022"]
[Site "Sochi RUS"]
[Date "2022.05.02"]
[Round "2.1"]
[Board "4"]
[White "Drygalov, Sergey"]
[Black "Sviridov, Valery"]
[Result "1/2-1/2"]
[WhiteTitle "IM"]
[WhiteElo "2546"]
[BlackElo "2569"]
[WhiteTeam "Yuzhnyy Ural - 1 (Chelyabinskaya oblast)"]
[BlackTeam "Shkola im. M.M.Botvinnika (g. Moskva)"]
[WhiteFideId "24171743"]
[BlackFideId "4120680"]
[EventDate "2022.05.01"]

1. d4 Nf6 2. c4 e6 3. Nc3 d5 4. cxd5 exd5 5. Bg5 c6 6. e3 Bf5 7. Qb3 Qb6 8. Bxf6
gxf6 9. Kd2 Na6 10. Bd3 Bg6 11. Qxb6 axb6 12. Nf3 b5 13. Nh4 b4 14. Ne2 Nc7 15.
Ng3 Bxd3 16. Kxd3 Kd7 17. Nh5 Be7 18. Nf5 Ra5 19. Kc2 Rha8 1/2-1/2

[Event "TCh-RUS Premier 2022"]
[Site "Sochi RUS"]
[Date "2022.05.02"]
[Round "2.1"]
[Board "5"]
[White "Makarian, Rudik"]
[Black "Gutenev, Alexander"]
[Result "1-0"]
[WhiteTitle "IM"]
[BlackTitle "IM"]
[WhiteElo "2523"]
[BlackElo "2457"]
[WhiteTeam "Shkola im. M.M.Botvinnika (g. Moskva)"]
[BlackTeam "Yuzhnyy Ural - 1 (Chelyabinskaya oblast)"]
[WhiteFideId "44105681"]
[BlackFideId "4195540"]
[EventDate "2022.05.01"]

1. c4 Nf6 2. Nc3 d5 3. cxd5 Nxd5 4. g3 g6 5. Bg2 Nxc3 6. bxc3 Bg7 7. h4 h5 8.
Rb1 O-O 9. Nh3 Nc6 10. Ng5 Qd7 11. d4 e5 12. d5 Na5 13. O-O b6 14. Ba3 Rd8 15.
Bb4 Nb7 16. f4 exf4 17. Rxf4 Nd6 18. Bxd6 cxd6 19. Rxf7 Qg4 20. Rb4 Qxg3 21. Rf3
Qe5 22. Re4 1-0

[Event "TCh-RUS Premier 2022"]
[Site "Sochi RUS"]
[Date "2022.05.02"]
[Round "2.1"]
[Board "6"]
[White "Remizov, Yaroslav"]
[Black "Kukhmazov, Arsen"]
[Result "0-1"]
[WhiteTitle "IM"]
[BlackTitle "IM"]
[WhiteElo "2395"]
[BlackElo "2482"]
[WhiteTeam "Yuzhnyy Ural - 1 (Chelyabinskaya oblast)"]
[BlackTeam "Shkola im. M.M.Botvinnika (g. Moskva)"]
[WhiteFideId "34134015"]
[BlackFideId "24108260"]
[EventDate "2022.05.01"]

1. e4 c6 2. Nf3 d5 3. d3 dxe4 4. dxe4 Qxd1+ 5. Kxd1 Nf6 6. Nfd2 Ng4 7. Ke1 e5 8.
a4 Bc5 9. h3 Nxf2 10. Rh2 f5 11. exf5 Bxf5 12. g4 Bxc2 13. Rxf2 Bxf2+ 14. Kxf2
Na6 15. Na3 Nb4 16. Nf3 Rf8 17. Bd2 e4 18. Bxb4 Rxf3+ 19. Kg2 Bd3 20. Bxd3 Rxd3
21. Bc3 O-O-O 22. Re1 Re8 23. Bxg7 Rd2+ 24. Kg3 Rd3+ 25. Kg2 Rd2+ 26. Kg1 Rd3
27. Kh2 Rd2+ 28. Kg3 Rd3+ 29. Kh4 e3 30. Nc2 e2 31. Nd4 Re4 32. a5 Rd1 33. Nc2
Rd2 34. Na3 Rd3 35. Bc3 b5 36. axb6 axb6 37. Nb1 Ree3 38. Nd2 Rxh3+ 39. Kg5 Rh2
40. Kf4 Rf2+ 41. Ke5 c5 42. Ne4 Re3 43. b4 Rf1 44. bxc5 Rxc3 45. Rxe2 Rb3 46.
cxb6 Rxb6 47. g5 Kd7 48. Nc5+ Ke8 49. Rh2 Re1+ 50. Kf4 Rb4+ 51. Kf3 Rb5 52. Rc2
Kf7 53. Rc4 Kg6 54. Ne4 Rf5+ 55. Kg2 Rf4 56. Rc6+ Kf5 57. Nf6 Re2+ 58. Kg3 Re3+
59. Kg2 Re2+ 60. Kg3 Re3+ 61. Kg2 Rh4 62. Rc5+ Kg6 63. Nd7 Rhe4 64. Nf8+ Kg7 65.
Nd7 Re7 66. Rd5 Kf7 67. Kf2 Kg7 68. Rd6 R3e6 69. Rd5 Re3 70. Rd6 R7e6 71. Rd5
Kf7 72. Rf5+ Kg6 73. Rd5 Re2+ 74. Kf3 R6e3+ 75. Kf4 Re4+ 76. Kf3 R2e3+ 77. Kf2
Rb3 78. Ra5 Rf4+ 79. Kg2 Rf5 80. Ra8 Rxg5+ 81. Kh2 Rh5+ 82. Kg2 Rg5+ 83. Kh2 Rb7
84. Nb8 Rb4 0-1

[Event "TCh-RUS Premier 2022"]
[Site "Sochi RUS"]
[Date "2022.05.02"]
[Round "2.2"]
[Board "1"]
[White "Tomashevsky, Evgeny"]
[Black "Matlakov, Maxim"]
[Result "1/2-1/2"]
[WhiteTitle "GM"]
[BlackTitle "GM"]
[WhiteElo "2708"]
[BlackElo "2674"]
[WhiteTeam "Gogolevskiy, 14 (g. Moskva)"]
[BlackTeam "Mednyy vsadnik (g. Sankt-Peterburg)"]
[WhiteFideId "4147235"]
[BlackFideId "4168003"]
[EventDate "2022.05.01"]

1. e4 c5 2. Nf3 e6 3. d4 cxd4 4. Nxd4 Nf6 5. Nc3 Nc6 6. Ndb5 d6 7. Bf4 e5 8. Bg5
a6 9. Na3 b5 10. Nd5 Be7 11. Bxf6 Bxf6 12. c3 Rb8 13. Nc2 Bg5 14. Be2 O-O 15.
O-O Be6 16. Qd3 Qd7 17. Rfd1 g6 18. Qg3 Qd8 1/2-1/2

[Event "TCh-RUS Premier 2022"]
[Site "Sochi RUS"]
[Date "2022.05.02"]
[Round "2.2"]
[Board "2"]
[White "Chigaev, Maksim"]
[Black "Goryachkina, Aleksandra"]
[Result "1/2-1/2"]
[WhiteTitle "GM"]
[BlackTitle "GM"]
[WhiteElo "2631"]
[BlackElo "2610"]
[WhiteTeam "Mednyy vsadnik (g. Sankt-Peterburg)"]
[BlackTeam "Gogolevskiy, 14 (g. Moskva)"]
[WhiteFideId "4108116"]
[BlackFideId "4147103"]
[EventDate "2022.05.01"]

1. c4 c6 2. d4 d5 3. cxd5 cxd5 4. Bg5 h6 5. Bf4 Nc6 6. e3 Nf6 7. Bd3 Bg4 8. Qb3
Na5 9. Qa4+ Bd7 10. Qc2 Rc8 11. Nc3 e6 12. Nf3 Bb4 13. O-O O-O 14. h3 a6 15.
Rfc1 Qe7 16. Ne5 Bxc3 17. bxc3 Qa3 18. Rab1 Ba4 19. Qd2 Qe7 20. Rb6 Rfd8 21. Qb2
Nd7 22. Nxd7 Rxd7 23. Rb1 Nc4 24. Bxc4 Rxc4 25. Rxb7 1/2-1/2

[Event "TCh-RUS Premier 2022"]
[Site "Sochi RUS"]
[Date "2022.05.02"]
[Round "2.2"]
[Board "3"]
[White "Kobalia, Mikhail"]
[Black "Sakaev, Konstantin"]
[Result "1/2-1/2"]
[WhiteTitle "GM"]
[BlackTitle "GM"]
[WhiteElo "2596"]
[BlackElo "2603"]
[WhiteTeam "Gogolevskiy, 14 (g. Moskva)"]
[BlackTeam "Mednyy vsadnik (g. Sankt-Peterburg)"]
[WhiteFideId "4119150"]
[BlackFideId "4104226"]
[EventDate "2022.05.01"]

1. e4 c5 2. Nf3 d6 3. d4 cxd4 4. Nxd4 Nf6 5. Nc3 a6 6. Be3 e5 7. Nb3 Be7 8. f3
Be6 9. Qd2 h5 10. O-O-O Nbd7 11. Kb1 Rc8 12. Bg5 b5 13. a3 Qb6 14. h4 Rc7 15.
Nd5 Nxd5 16. exd5 Bf5 17. Bd3 Bxd3 18. Qxd3 Rc4 19. g3 Qc7 20. Rhe1 Bxg5 21.
hxg5 g6 22. Nd4 h4 23. f4 h3 24. Nc6 Kf8 25. f5 Rg4 26. fxg6 Rxg5 27. gxf7 Nf6
28. Rf1 Kxf7 1/2-1/2

[Event "TCh-RUS Premier 2022"]
[Site "Sochi RUS"]
[Date "2022.05.02"]
[Round "2.2"]
[Board "4"]
[White "Ponkratov, Pavel"]
[Black "Murzin, Volodar"]
[Result "1-0"]
[WhiteTitle "GM"]
[BlackTitle "IM"]
[WhiteElo "2624"]
[BlackElo "2542"]
[WhiteTeam "Mednyy vsadnik (g. Sankt-Peterburg)"]
[BlackTeam "Gogolevskiy, 14 (g. Moskva)"]
[WhiteFideId "4157800"]
[BlackFideId "44155573"]
[EventDate "2022.05.01"]

1. e4 c6 2. Nf3 d5 3. d3 Qc7 4. exd5 cxd5 5. c4 Nf6 6. Nc3 e6 7. a3 a6 8. g3
dxc4 9. dxc4 Bd6 10. Bg2 b6 11. O-O Bb7 12. Qd3 Nc6 13. Be3 Rd8 14. Na4 Ne5 15.
Qe2 Qxc4 16. Qxc4 Nxc4 17. Bxb6 Nxb6 18. Nxb6 O-O 19. b4 Rb8 20. Nc4 Bc7 21. Nd4
Bb6 22. Nb3 Bxg2 23. Kxg2 Nd5 24. Rac1 Rfd8 25. Rc2 Bc7 26. Rfc1 g6 27. Nca5
Bxa5 28. Nxa5 Rb6 29. Rc8 Rf8 30. Kf3 h5 31. R1c6 Kg7 32. Rxf8 Kxf8 33. Ke4 Ke8
34. Rxb6 Nxb6 35. Nc6 f6 36. Kd4 Nd7 37. a4 g5 38. a5 f5 39. h4 g4 40. b5 axb5
41. a6 Nb6 42. Kc5 Na8 43. Nd4 Nc7 44. a7 Kd7 45. Nxb5 Na8 46. Nd4 Nc7 47. Kb6 1-0

[Event "TCh-RUS Premier 2022"]
[Site "Sochi RUS"]
[Date "2022.05.02"]
[Round "2.2"]
[Board "5"]
[White "Savchenko, Boris"]
[Black "Goganov, Aleksey"]
[Result "1/2-1/2"]
[WhiteTitle "GM"]
[BlackTitle "GM"]
[WhiteElo "2524"]
[BlackElo "2561"]
[WhiteTeam "Gogolevskiy, 14 (g. Moskva)"]
[BlackTeam "Mednyy vsadnik (g. Sankt-Peterburg)"]
[WhiteFideId "4147332"]
[BlackFideId "24109959"]
[EventDate "2022.05.01"]

1. e4 e5 2. Nf3 Nc6 3. Bc4 Bc5 4. c3 Nf6 5. d4 exd4 6. e5 d5 7. Bb5 Ne4 8. cxd4
Bb6 9. Nc3 O-O 10. Be3 Bg4 11. h3 Bh5 12. Qc2 Bg6 13. Qb3 Ne7 14. O-O c6 15. Bd3
Nf5 16. Na4 Bh5 17. g4 Nxe3 18. fxe3 Bg6 19. Rac1 Ng3 20. Rf2 Bxd3 21. Qxd3 Ne4
22. Rff1 f6 23. Nc3 Nxc3 24. Qxc3 fxe5 25. Nxe5 Qe7 26. Kg2 Bc7 27. e4 Qe6 28.
Qb3 Bxe5 29. exd5 cxd5 30. dxe5 Qxe5 31. Qxb7 Rab8 32. Rxf8+ Rxf8 33. Rc8 Qe2+
34. Kg1 Qf2+ 35. Kh1 Qf3+ 36. Kh2 Qf4+ 37. Kg2 Qd2+ 38. Kh1 Qd1+ 39. Kg2 Qd2+
40. Kg1 Qd4+ 41. Kg2 Qf2+ 1/2-1/2

[Event "TCh-RUS Premier 2022"]
[Site "Sochi RUS"]
[Date "2022.05.02"]
[Round "2.2"]
[Board "6"]
[White "Lobanov, Sergei"]
[Black "Khegay, Dmitriy"]
[Result "1/2-1/2"]
[WhiteTitle "IM"]
[BlackTitle "GM"]
[WhiteElo "2524"]
[BlackElo "2523"]
[WhiteTeam "Mednyy vsadnik (g. Sankt-Peterburg)"]
[BlackTeam "Gogolevskiy, 14 (g. Moskva)"]
[WhiteFideId "24183750"]
[BlackFideId "24153729"]
[EventDate "2022.05.01"]

1. e4 c5 2. Nf3 d6 3. d4 cxd4 4. Nxd4 Nf6 5. Nc3 a6 6. f3 e5 7. Nb3 Be6 8. Be3
h5 9. Nd5 Bxd5 10. exd5 Nbd7 11. Qd2 g6 12. O-O-O Nb6 13. Kb1 Nfxd5 14. Bf2 Nf4
15. Qb4 Nd7 16. Qxb7 Be7 17. Bxa6 O-O 18. a4 Nf6 19. g3 Ne6 20. Bb5 d5 21. Rhe1
Bd6 22. Bb6 Bc7 23. Bxc7 Nxc7 24. Rxe5 Rb8 25. Qc6 Nxb5 26. axb5 Rb6 27. Qc5 Qb8
28. Re7 Rxb5 29. Qc7 Rxb3 30. cxb3 Qxb3 31. Qc2 Qxf3 32. Rc7 Ng4 33. Qd3 Ne3 34.
Rdc1 Qf2 35. Rc8 Nc4 36. Rxf8+ Kxf8 37. Rc2 Qg1+ 38. Ka2 Qa7+ 39. Kb1 Qg1+ 40.
Ka2 Qa7+ 41. Kb1 1/2-1/2

[Event "TCh-RUS Premier 2022"]
[Site "Sochi RUS"]
[Date "2022.05.02"]
[Round "2.3"]
[Board "1"]
[White "Artemiev, Vladislav"]
[Black "Najer, Evgeniy"]
[Result "0-1"]
[WhiteTitle "GM"]
[BlackTitle "GM"]
[WhiteElo "2700"]
[BlackElo "2659"]
[WhiteTeam "Ladya (Respublika Tatarstan)"]
[BlackTeam "Shakhmatnaya sbornaya Moskvy"]
[WhiteFideId "24101605"]
[BlackFideId "4118987"]
[EventDate "2022.05.01"]

1. Nf3 d5 2. e3 c5 3. b3 Nc6 4. Bb5 f6 5. Nh4 Nh6 6. f4 Bg4 7. Nf3 Qc7 8. Bb2
Nf7 9. c4 a6 10. Bxc6+ Qxc6 11. cxd5 Qxd5 12. Nc3 Qd3 13. Qe2 Qxe2+ 14. Kxe2 e5
15. fxe5 Nxe5 16. h3 Bxf3+ 17. gxf3 Rd8 18. Ne4 Nd3 19. Bc3 Be7 20. a4 b6 21. h4
Kf7 22. h5 Rd5 23. Rag1 Rhd8 24. f4 b5 25. Kf3 b4 26. Ba1 Rc8 27. Rb1 a5 28. Rh2
c4 29. Bd4 f5 30. Ng5+ Bxg5 31. fxg5 c3 32. dxc3 bxc3 33. Rc2 Rxd4 34. exd4 Nb4
35. Rbc1 Nxc2 36. Rxc2 Ke6 37. Ke3 Kd5 38. g6 hxg6 39. hxg6 f4+ 40. Kd3 f3 41.
Ke3 f2 42. Kxf2 Kxd4 43. Ke2 Rh8 44. Rc1 Rh2+ 45. Kf3 c2 0-1

[Event "TCh-RUS Premier 2022"]
[Site "Sochi RUS"]
[Date "2022.05.02"]
[Round "2.3"]
[Board "2"]
[White "Riazantsev, Alexander"]
[Black "Timofeev, Artyom"]
[Result "1-0"]
[WhiteTitle "GM"]
[BlackTitle "GM"]
[WhiteElo "2634"]
[BlackElo "2574"]
[WhiteTeam "Shakhmatnaya sbornaya Moskvy"]
[BlackTeam "Ladya (Respublika Tatarstan)"]
[WhiteFideId "4125029"]
[BlackFideId "4140419"]
[EventDate "2022.05.01"]

1. e4 c5 2. Nf3 e6 3. c3 d5 4. exd5 exd5 5. d4 Nf6 6. Bb5+ Bd7 7. Bxd7+ Nbxd7 8.
O-O Be7 9. dxc5 Nxc5 10. Nd4 O-O 11. Nf5 Re8 12. Nxe7+ Rxe7 13. Be3 Rc8 14. Nd2
Qd7 15. Nf3 h6 16. Re1 a6 17. h3 Nfe4 18. Bxc5 Rxc5 19. Nd4 Rc8 20. Qg4 Qxg4 21.
hxg4 Kf8 22. Nf5 Rd7 23. Rad1 Rcd8 24. Re2 g6 25. Nd4 Nd6 26. f3 Re7 27. Kf2 Nc4
28. b3 Nd6 29. Rxe7 Kxe7 30. Ke3 Rc8 31. Kd3 Kf6 32. Ne2 Nb5 33. a4 Nc7 34. Rh1
Kg5 35. Rd1 Ne6 36. Ke3 Rd8 37. a5 h5 38. gxh5 gxh5 39. g3 Kf5 40. Rh1 Kg6 41.
Rh4 Rc8 42. Rb4 Rc5 43. Rxb7 Rxa5 44. Rb6 Kg5 45. Rd6 Rb5 46. Rxa6 Rxb3 47. Ra5
Kg6 48. Rxd5 Ra3 49. Rb5 Ra4 50. Rb4 Ra3 51. Rb6 Kg5 52. Rb5+ Kg6 53. Kd3 Kh6
54. Re5 Kg6 55. Nd4 Ng5 56. f4 f6 57. Re7 Nf7 58. Nf3 Kg7 59. Nh4 Ra5 60. Rb7
Kg8 61. Rb6 Kg7 62. c4 Nd8 63. Rd6 Nf7 64. Rb6 Nd8 65. Rd6 Nf7 66. Rd5 Ra3+ 67.
Kd4 Kf8 68. Nf5 Ra7 69. Rb5 Ke8 70. Rb6 1-0

[Event "TCh-RUS Premier 2022"]
[Site "Sochi RUS"]
[Date "2022.05.02"]
[Round "2.3"]
[Board "3"]
[White "Tsydypov, Zhamsaran"]
[Black "Inarkiev, Ernesto"]
[Result "1/2-1/2"]
[WhiteTitle "GM"]
[BlackTitle "GM"]
[WhiteElo "2533"]
[BlackElo "2659"]
[WhiteTeam "Ladya (Respublika Tatarstan)"]
[BlackTeam "Shakhmatnaya sbornaya Moskvy"]
[WhiteFideId "4108566"]
[BlackFideId "4162722"]
[EventDate "2022.05.01"]

1. d4 d5 2. c4 dxc4 3. e3 Nf6 4. Bxc4 e6 5. Nf3 c5 6. O-O a6 7. b3 b5 8. Be2 Bb7
9. a4 b4 10. Bb2 Nbd7 11. Nbd2 Be7 12. Ne5 cxd4 13. Bxd4 Nxe5 14. Bxe5 O-O 15.
Nc4 Nd5 16. Bf3 Rc8 17. Rc1 Bf6 18. Qd4 Ba8 19. Bxf6 Qxf6 20. Bxd5 Bxd5 21. Nb6
Qxd4 22. exd4 Rcd8 23. Nxd5 Rxd5 24. Rc4 a5 25. f4 Rfd8 26. Rd1 Rf5 27. g3 h6
28. Re1 Rfd5 29. Re4 R8d6 30. Kf2 f6 31. Ke2 Kf7 32. Ke3 g5 33. fxg5 hxg5 34. h4
f5 35. Re5 Rxe5+ 36. dxe5 Rd5 37. hxg5 Rxe5+ 38. Kf4 Rd5 39. g4 Kg6 40. gxf5+
Rxf5+ 41. Ke4 Rxg5 42. Rc6 Kf6 43. Ra6 Re5+ 44. Kf4 Rh5 45. Ra7 Rc5 46. Ke4 Re5+
47. Kf4 Rh5 48. Ke4 Rd5 49. Ra6 Re5+ 50. Kf4 Rh5 51. Ra7 Rh4+ 52. Ke3 Kf5 53.
Rxa5+ e5 54. Kd3 Rd4+ 55. Ke2 Re4+ 56. Kd3 Rd4+ 57. Ke2 Re4+ 1/2-1/2

[Event "TCh-RUS Premier 2022"]
[Site "Sochi RUS"]
[Date "2022.05.02"]
[Round "2.3"]
[Board "4"]
[White "Grachev, Boris"]
[Black "Faizrakhmanov, Ramil"]
[Result "1-0"]
[WhiteTitle "GM"]
[BlackTitle "IM"]
[WhiteElo "2615"]
[BlackElo "2480"]
[WhiteTeam "Shakhmatnaya sbornaya Moskvy"]
[BlackTeam "Ladya (Respublika Tatarstan)"]
[WhiteFideId "4129199"]
[BlackFideId "24103209"]
[EventDate "2022.05.01"]

1. d4 d5 2. c4 e6 3. Nc3 Be7 4. Nf3 Nf6 5. Bf4 O-O 6. e3 c5 7. dxc5 Bxc5 8. a3
Nc6 9. Qc2 Qa5 10. Rd1 Re8 11. Nd2 e5 12. Bg5 Nd4 13. Qb1 Bf5 14. Bd3 Bxd3 15.
Qxd3 Ne4 16. Nxd5 Nxg5 17. b4 Qd8 18. h4 Nge6 19. Ne4 f5 20. Nxc5 Nxc5 21. bxc5
Qa5+ 22. Kf1 Ne6 23. Qxf5 Qxc5 24. Rh3 Qxc4+ 25. Kg1 Rad8 26. Qxe5 Kh8 27. Rg3
Qb3 28. Qh5 Qxa3 29. e4 Qb2 30. Rgd3 g6 31. Qh6 Nc5 32. Rd4 Nxe4 33. Qf4 Rxd5
34. Rxd5 Nf6 35. R5d4 Rf8 36. Rd8 Rxd8 37. Rxd8+ Kg7 38. Rc8 Qb6 39. Qc7+ 1-0

[Event "TCh-RUS Premier 2022"]
[Site "Sochi RUS"]
[Date "2022.05.02"]
[Round "2.3"]
[Board "5"]
[White "Hasangatin, Ramil"]
[Black "Motylev, Alexander"]
[Result "0-1"]
[WhiteTitle "GM"]
[BlackTitle "GM"]
[WhiteElo "2479"]
[BlackElo "2633"]
[WhiteTeam "Ladya (Respublika Tatarstan)"]
[BlackTeam "Shakhmatnaya sbornaya Moskvy"]
[WhiteFideId "4122160"]
[BlackFideId "4121830"]
[EventDate "2022.05.01"]

1. e4 e5 2. Nf3 Nc6 3. Nc3 Nf6 4. d4 Bb4 5. Nxe5 Qe7 6. Nxc6 Qxe4+ 7. Qe2 dxc6
8. Bd2 Qxe2+ 9. Bxe2 Be6 10. a3 Be7 11. h3 O-O-O 12. Be3 Nd5 13. Nxd5 Bxd5 14.
Rg1 Rhe8 15. O-O-O b5 16. Bd3 h5 17. c3 a5 18. Kc2 a4 19. Rde1 g6 20. Bf4 Bf6
21. Rxe8 Rxe8 22. Kd2 Kb7 23. f3 Bh4 24. Rf1 Re6 25. Be3 Bg3 26. Rc1 f5 27. Rf1
Ka6 28. Rc1 Kb6 29. Rf1 Kb7 30. Rc1 f4 31. Bg1 g5 32. Rf1 g4 33. hxg4 hxg4 34.
Bf2 gxf3 35. gxf3 Rh6 36. Bxg3 fxg3 37. Ke3 Rh2 38. Rg1 Rxb2 39. Rxg3 Rb3 40.
Kd2 Rxa3 41. c4 bxc4 42. Bc2 Ra1 43. Kc3 a3 0-1